
Library Catalogue

| 000 -LEADER | |
|---|---|
| fixed length control field | 01021nam a2200205Ia 4500 |
| 005 - DATE AND TIME OF LATEST TRANSACTION | |
| control field | 20260619150820.0 |
| 008 - FIXED-LENGTH DATA ELEMENTS--GENERAL INFORMATION | |
| fixed length control field | 160316s1974 xxu||||| |||| 00| 0 eng d |
| 020 ## - INTERNATIONAL STANDARD BOOK NUMBER | |
| International Standard Book Number | 063119780 X (pbk.) |
| 082 ## - DEWEY DECIMAL CLASSIFICATION NUMBER | |
| Classification number | 340.1 NOZ |
| 100 ## - MAIN ENTRY--PERSONAL NAME | |
| Personal name | Nozick Robert |
| 245 ## - TITLE STATEMENT | |
| Title | Anarchy state and utopia / |
| Statement of responsibility, etc. | Robert Nozick |
| 260 ## - PUBLICATION, DISTRIBUTION, ETC. | |
| Place of publication, distribution, etc. | Oxford : |
| Name of publisher, distributor, etc. | Basil Blackwell, |
| Date of publication, distribution, etc. | 1974. |
| 300 ## - PHYSICAL DESCRIPTION | |
| Extent | xvi, 367 p. : |
| Dimensions | 23 cm |
| 365 ## - TRADE PRICE | |
| Price amount | Rs.769 |
| 505 ## - Contents | |
| Contents | PART I : State-of-Nature Theory, or How to Back into a State without Really Trying;<br/>1. Why State-of-Nature Theory?;<br/>2. The State of Nature;<br/>3. Moral Constraints and the State;<br/>4. Prohibition, Compensation, and Risk;<br/>5. The State;<br/>6. Further Considerations on the Agreement for the State;<br/>PART II: Beyond the Minimal State?:<br/>7. Distributive Justice;<br/>8. Equality, Envy, Exploitation, Etc.<br/>9. Demoktesis;<br/>PART III : UTOPIA;<br/>10. A Framework for Utopia. |
| 650 ## - SUBJECT ADDED ENTRY--TOPICAL TERM | |
| Topical term or geographic name entry element | Political Science - Philosophy |
| 650 ## - SUBJECT ADDED ENTRY--TOPICAL TERM | |
| Topical term or geographic name entry element | Political Philosophy - Jurisprudence |
| 700 ## - ADDED ENTRY--PERSONAL NAME | |
| Personal name | |
| -- | |
| 942 ## - ADDED ENTRY ELEMENTS (KOHA) | |
| Source of classification or shelving scheme | Dewey Decimal Classification |
| Koha item type | BOOKs |
| Withdrawn status | Lost status | Damaged status | Not for loan | Home library | Current library | Shelving location | Date acquired | Cost, normal purchase price | Total Checkouts | Total Renewals | Full call number | Barcode | Date last seen | Date last checked out | Price effective from | Koha item type |
|---|---|---|---|---|---|---|---|---|---|---|---|---|---|---|---|---|
| NLS | NLS | General Stacks | 30/05/2017 | 769.00 | 5 | 1 | 340.1 NOZ | 12651 | 15/06/2026 | 28/01/2026 | 30/05/2017 | BOOKs |